Peranan anak terhadap Ibu Bapa

Bibliographic Details
Main Author: Syahrin Nasution
Format: Book
Published: Kuala Lumpur : Darul Nu'man , 1995
Subjects:

MARC

LEADER 00000cam a2200000 7i4500
001 0000008957
002 000009758
005 20081105.0
020 |a 9830460622 
090 0 0 |a 297.4   |b SYA 
100 0 |a Syahrin Nasution 
245 1 0 |a Peranan anak terhadap Ibu Bapa   |c Syahrin Nasution 
260 |a Kuala Lumpur :   |b Darul Nu'man ,   |c 1995 
300 |a 118p. ;   |c 21cm. 
650 0 0 |a Family   |x Religious aspects   |x Islam 
650 0 0 |a Islam   |x Customs and practices 
999 |a 043793   |b BUKU   |c PINJAMAN   |e PERPUSTAKAAN KOMUNITI PETALING JAYA 
999 |a 046417   |b BUKU   |c PINJAMAN   |e PERPUSTAKAAN KOMUNITI CAW KOTA DAMANSARA